书目信息 |
| 题名: |
声乐演唱理论与舞台表演实践
|
|
| 作者: | 荣春梅, 著 | |
| 分册: | ||
| 出版信息: | 北京 中国纺织出版社 2019 |
|
| 页数: | 237页 | |
| 开本: | 24cm | |
| 丛书名: | ||
| 单 册: | ||
| 中图分类: | J616.2 , J616 | |
| 科图分类: | ||
| 主题词: | 歌唱法--ge chang fa--研究 , 声乐艺术--sheng le yi shu--表演艺术--研究 | |
| 电子资源: | ||
| ISBN: | 978-7-5180-4553-2 | |
| 000 | 01214nam0 2200289 450 | |
| 001 | 012001006545 | |
| 005 | 20131016175533.0 | |
| 010 | @a978-7-5180-4553-2@dCNY68.00 | |
| 099 | @aCAL 012019030313 | |
| 100 | @a20190225d2019 em y0chiy50 ea | |
| 101 | 0 | @achi |
| 102 | @aCN@b110000 | |
| 105 | @ay a 000yy | |
| 106 | @ar | |
| 200 | 1 | @a声乐演唱理论与舞台表演实践@Asheng yue yan chang li lun yu wu tai biao yan shi jian@f荣春梅著 |
| 210 | @a北京@c中国纺织出版社@d2019 | |
| 215 | @a237页@d24cm | |
| 314 | @a荣春梅, 女, 汉族, 1989年毕业于西安音乐学院, 现任宁夏艺术职业学院音乐系声乐副教授。 | |
| 320 | @a有书目 (第236-237页) | |
| 330 | @a本书主要从声乐演唱风格、声乐演唱中情绪的应用、声乐演唱中心理活动与生理机能、声乐作品的艺术理解及舞台表现等方面, 探讨了声乐演唱理论与舞台表演实践的相关内容。本书在内容编排上清晰合理, 案例讲解深入浅出, 以真实演唱实践案例做参考解说, 本书的出版希望对学习声乐的在校学生和音乐爱好者有很好的借鉴作用。 | |
| 606 | 0 | @a歌唱法@Age chang fa@x研究 |
| 606 | 0 | @a声乐艺术@Asheng le yi shu@x表演艺术@x研究 |
| 690 | @aJ616.2@v5 | |
| 690 | @aJ616@v5 | |
| 701 | 0 | @a荣春梅,@Arong chun mei@f1964-@4著 |
| 801 | 0 | @aCN@b上海新华@c20191020 |
| 905 | @b1099872-5@dJ616.2@e1035@f4 | |
| 声乐演唱理论与舞台表演实践/荣春梅著.-北京:中国纺织出版社,2019 |
| 237页;24cm |
| ISBN 978-7-5180-4553-2:CNY68.00 |
| 本书主要从声乐演唱风格、声乐演唱中情绪的应用、声乐演唱中心理活动与生理机能、声乐作品的艺术理解及舞台表现等方面, 探讨了声乐演唱理论与舞台表演实践的相关内容。本书在内容编排上清晰合理, 案例讲解深入浅出, 以真实演唱实践案例做参考解说, 本书的出版希望对学习声乐的在校学生和音乐爱好者有很好的借鉴作用。 |
| ● |
| 相关链接 |
|
|
|
|
正题名:声乐演唱理论与舞台表演实践
索取号:J616.2/1035
 
预约/预借
| 序号 | 登录号 | 条形码 | 馆藏地/架位号 | 状态 | 备注 |
| 1 | 1099872 | 210998722 | 第一样本阅览室/ [索取号:J616.2/1035] | 在馆 | |
| 2 | 1099873 | 210998731 | 第一借阅区/ [索取号:J616.2/1035] | 在馆 | |
| 3 | 1099874 | 210998740 | 第一借阅区/ [索取号:J616.2/1035] | 在馆 | |
| 4 | 1099875 | 210998759 | 第一借阅区/ [索取号:J616.2/1035] | 在馆 |